Prisoners of apartheid (Record no. 267036)

MARC details
000 -LEADER
fixed length control field 00761nam a2200253Ia 4500
003 - CONTROL NUMBER IDENTIFIER
control field OSt
005 - DATE AND TIME OF LATEST TRANSACTION
control field 20220918220040.0
008 - FIXED-LENGTH DATA ELEMENTS--GENERAL INFORMATION
fixed length control field 220917b |||||||| |||| 00| 0 eng d
037 ## - SOURCE OF ACQUISITION
Terms of availability Textual
040 ## - CATALOGING SOURCE
Original cataloging agency ARTS
Transcribing agency ARTS
Language of cataloging eng
041 ## - LANGUAGE CODE
Source of code eng
Language code of text/sound track or separate title eng
110 ## - MAIN ENTRY--CORPORATE NAME
Corporate name or jurisdiction name as entry element International defence and aid fund
9 (RLIN) 136267
245 #0 - TITLE STATEMENT
Title Prisoners of apartheid
Remainder of title A biographical list of political prisoners and banned persons in south Africa
260 ## - PUBLICATION, DISTRIBUTION, ETC.
Place of publication, distribution, etc. London
Name of publisher, distributor, etc. IDAF
Date of publication, distribution, etc. 1978
300 ## - PHYSICAL DESCRIPTION
Extent 180p.
Dimensions cm.
650 ## - SUBJECT ADDED ENTRY--TOPICAL TERM
Topical term or geographic name entry element SOCIOLOGY
700 ## - ADDED ENTRY--PERSONAL NAME
Personal name International defence and aid fund
9 (RLIN) 136268
942 ## - ADDED ENTRY ELEMENTS (KOHA)
Classification part Y17:4w63,N5, L8
Koha item type Textual
Source of classification or shelving scheme Colon Classification (CC)
Holdings
Withdrawn status Lost status Damaged status Not for loan Home library Current library Date acquired Total Checkouts Full call number Barcode Date last seen Price effective from Koha item type
        Arts Library Arts Library 2022-09-18   Y17:4w63,N5 L8 AL0352119 2022-09-18 2022-09-18 Textual
Copyright @ Delhi University Library System